ბათუმის შოთა რუსთაველის სახელმწიფო უნივერსიტეტის ბიბლიოთეკა

ხალდეს ყვავილები (ბიბ.ჩანაწერი № 50127)

000 -LEADER
fixed length control field 00696nam a2200229Ia 4500
001 - CONTROL NUMBER
control field 17065
003 - CONTROL NUMBER IDENTIFIER
control field GE_BSU
008 - FIXED-LENGTH DATA ELEMENTS--GENERAL INFORMATION
fixed length control field 181216s||||||||xx |||||||||||||| ||und||
040 ## - CATALOGING SOURCE
Transcribing agency GE_BSU
080 ## - UNIVERSAL DECIMAL CLASSIFICATION NUMBER
Universal Decimal Classification number 821.353.1-343
100 ## - MAIN ENTRY--PERSONAL NAME
Personal name ასათიანი, მამია
245 ## - TITLE STATEMENT
Title ხალდეს ყვავილები
245 ## - TITLE STATEMENT
Remainder of title ლეგენდები
245 ## - TITLE STATEMENT
Statement of responsibility, etc. რედ. ც.ნიკოლაიშვილი.
260 ## - PUBLICATION, DISTRIBUTION, ETC.
Place of publication, distribution, etc. თბილისი
260 ## - PUBLICATION, DISTRIBUTION, ETC.
Name of publisher, distributor, etc. ნაკადული
260 ## - PUBLICATION, DISTRIBUTION, ETC.
Date of publication, distribution, etc. 1966
300 ## - PHYSICAL DESCRIPTION
Extent 270გვ. ; 22სმ
653 ## - INDEX TERM--UNCONTROLLED
Uncontrolled term ლეგენდები
653 ## - INDEX TERM--UNCONTROLLED
Uncontrolled term ხალდეს ყვავილები
942 ## - ADDED ENTRY ELEMENTS (KOHA)
Koha item type წიგნი
ეგზემპლარები
Withdrawn status Lost status Damaged status Not for loan Date acquired Barcode Date last seen Price effective from Koha item type
        2018-12-17 21624 2018-12-17 2018-12-17 წიგნი
        2018-12-17 21625 2018-12-17 2018-12-17 წიგნი